Pháp luật về nhà ở : Sách hướng dẫn học tập

Trình bày tổng quan về nhà ở, quản lý nhà ở, giao dịch về nhà ở và kinh doanh dịch vụ về nhà ở.

में बचाया:
ग्रंथसूची विवरण
मुख्य लेखक: Nguyễn, Thị Thanh Xuân
स्वरूप: पुस्तक
भाषा:Undetermined
प्रकाशित: Cần Thơ Nxb. Đại học Cần Thơ 2017
विषय:
टैग : टैग जोड़ें
कोई टैग नहीं, इस रिकॉर्ड को टैग करने वाले पहले व्यक्ति बनें!
Thư viện lưu trữ: Trung tâm Học liệu Trường Đại học Cần Thơ
LEADER 00951nam a2200229Ia 4500
001 CTU_229869
008 210402s9999 xx 000 0 und d
082 |a 346.597043 
082 |b X502 
100 |a Nguyễn, Thị Thanh Xuân 
245 0 |a Pháp luật về nhà ở : 
245 0 |b Sách hướng dẫn học tập 
245 0 |c Nguyễn Thị Thanh Xuân, Trần Vang Phủ, Lâm Thị Bích Trâm (Biên soạn) 
260 |a Cần Thơ 
260 |b Nxb. Đại học Cần Thơ 
260 |c 2017 
520 |a Trình bày tổng quan về nhà ở, quản lý nhà ở, giao dịch về nhà ở và kinh doanh dịch vụ về nhà ở. 
650 |a Quyền sử dung đất,Land tenure 
650 |x Luật và pháp luật,Law and legislation 
650 |z Việt Nam,Vietnam 
910 |b nthai 
980 |a Trung tâm Học liệu Trường Đại học Cần Thơ